00936cam a2200277 a 4500090000600000001000800006005001700014008004100031010001400072020002800086020001500114040001800129050002400147082002000171100002200191245008500213260006000298300003300358500002000391504003200411650002400443700002900467942001200496999001700508952013300525 c0149260519890331143550.4880415s1988 maua b 001 0 eng  a88014884  a0875841996 (alk. paper) a0071132740 aDLCcDLCdDLC00aHG1616.I5bE33 198800a332.66219bEcc1 aEccles, Robert G.10aDoing Deals :bInvestment Banks at Work /cRobert G. Eccles and Dwight B. Crane. aBoston, Mass. :bHarvard Business School Press,cc1988. aix, 273 p. :bill. ;c25 cm. aIncludes index. aBibliography: p. [257]-264. 0aInvestment banking.1 aCrane, Dwight B.,d1937- 2ddccBB c10473d10473 00102ddc40708AlahramaMAINbMAINc1STd2009-01-27epurchaseg55.00h06395l0o332.66 Eccp000014335r2025-07-15 00:00:00yBB